000 00290nam a2200109Ia 4500
008 230627s9999 xx 000 0 und d
041 _amar
082 _a346.067
_bBAN
100 _aBansal B.L
245 _aState Financial Corporation Act, 1951
260 _aNew Delhi
_bAshoka Law House
_c2001
999 _c686776
_d686776